000
00325nam a2200121Ia 4500
008
220204s9999 xx 000 0 und d
082
_a
065
_b
BIR
100
_a
Birchall, David
245
0
_a
Job design: A planning and implementation guide for managers
260
_a
England
_b
Gower
_c
1975
650
_a
Management
942
_c
BK
999
_c
25504
_d
25504